000 nam a22 7a 4500
999 _c29479
_d29478
003 OSt
005 20170618185708.0
008 170618b xxu||||| |||| 00| 0 eng d
016 7 _a101317225
_2DNLM
020 _a9781405156769 (pbk. : alk. paper)
020 _a1405156767 (pbk. : alk. paper)
040 _aMMU
_cMMU
_dMMU
_beng
050 0 0 _aRT82.8
_b.I56 2008
082 0 0 _a610.73
_222
245 0 0 _aInternational practice development in nursing and healthcare /
_cedited by Kim Manley, Brendan McCormack, Val Wilson.
260 _aOxford :
_bBlackwell Pub.,
_c2008.
300 _axxi, 402 p. :
_bill. ;
_c25 cm.
504 _aIncludes bibliographical references and index.
505 0 _aPerson-centred systems and processes / Brendan McCormack, Kim Manley and Ken Walsh -- The ever-changing discourse of practice development: can we all keep afloat? / Lucienne Hoogwerf, Donna Frost and Tanya McCance -- A methodological walk in the forest : critical creativity and human flourishing / Angie Titchen & Brendan McCormack -- Evidence use and evidence generation in practice development / Tracey Bucknall, Bridie Kent, Kim Manley -- Learning : the heart of practice development / Charlotte Clarke & Val Wilson -- An exploration of practice development evaluation : unearthing praxis / Val Wilson, Sally Hardy, Bob Brown -- Enabling practice development : delving into the concept of facilitation from a practitioner perspective / Theresa Shaw ... [et al.] -- Being culturally sensitive in development work / Cheryle Moss & Jane Chittenden -- Person-centred outcomes and cultural change / Brendan McCormack ... [et al.] --
505 0 _aChanging the culture and context of practice : evaluating the journey towards family-centred care / Val Wilson, Raelene Walsh -- Becoming a facilitator : the journey / Shirley Burke, Helen O'Neal and Jacqueline Clarke -- Leadership support / Annette Solman & Mary FitzGerald -- Becoming and being active learners and creating active learning workplaces : the value of active learning in practice development / Jan Dewing -- Evidence use in practice development / Rob McSherry and Karen Cox -- Using practice development approaches in the development of a managed clinical network / Liz Henderson and Sandra McKillop -- Accrediting practice development activity : an approach for achieving person-centred and evidence-based care / Kim Manley ... [et al.] -- The future contribution of practice development in a changing healthcare context / Kim Manley ... [et al.].
650 0 _aNursing.
650 0 _aNurse practitioners.
650 0 _aNursing
_xInternational cooperation.
650 1 2 _aNursing Research.
_9171
650 2 2 _aClinical Competence.
650 2 2 _aEvidence-Based Medicine.
650 2 2 _aInternational Cooperation.
650 2 2 _aNurse's Role.
650 2 2 _aPatient-Centered Care.
700 1 _aManley, Kim,
_cMN.
700 1 _aMcCormack, Brendan.
700 1 _aWilson, Val
_q(Valerie),
_d1961-
856 4 2 _3Contributor biographical information
_uhttp://www.loc.gov/catdir/enhancements/fy0808/2007039587-b.html
856 4 2 _3Publisher description
_uhttp://www.loc.gov/catdir/enhancements/fy0808/2007039587-d.html
856 4 1 _3Table of contents only
_uhttp://www.loc.gov/catdir/enhancements/fy0808/2007039587-t.html
942 _2lcc
_cLOAN LOAN